Statistics for Simple "Game of Thrones" Quiz

Click here to take the quiz!

General Stats

  • This quiz has been taken 159 times
  • The average score is 11 of 15

Answer Stats

HintAnswer% Correct
Who is Ned Stark's "bastard"?Jon Snow
99%
What House does Margaery come from?House Tyrell
97%
What is the name of Tywin Lannister's second son?Tyrion Lannister
97%
Who is the "heir" of Robert Baratheon?Joffrey Baratheon
93%
Who is Sansa married off to by Petyr Baelish?Ramsay Bolton
89%
What what the name given to Aerys II Targaryen?The Mad King
89%
What is the name of Daenerys's first husband?Drogo
86%
What is the name of Robb Stark's direwolf?Grey Wind
75%
Who shares the same name as Ned Stark's sister?Lyanna Mormont
69%
What are the names of Daenerys's brothers?Rhaegar Targaryen and Viserys Targaryen
69%
Where do the Faceless Men come from?Braavos
68%
What nickname was given to Brynden Tully?Blackfish
64%
How many Free Cities are there?Nine
57%
Where does House Targaryen originate from?Valyria
51%
What is the name of the Civil War between House Targaryen?The Dance of Dragons
19%

Score Distribution

Percentile by Number Answered

Percent of People with Each Score

Your Score History

You have not taken this quiz